Epigrafia latina (Record no. 163488)

MARC details
000 -LEADER
campo de control de longitud fija 00743nam a22001815i 4500
001 - NÚMERO DE CONTROL
campo de control 163488
003 - IDENTIFICADOR DE NÚMERO DE CONTROL
campo de control ES-MaACL
005 - FECHA Y HORA DE LA ÚLTIMA TRANSACCIÓN
campo de control 20230906212741.0
008 - DATOS DE LONGITUD FIJA--INFORMACIÓN GENERAL
campo de control de longitud fija 000824s1898 it af |||| | ita d
040 ## - FUENTE DE CATALOGACIÓN
Centro catalogador/agencia de origen CCPB | B
Lengua de catalogación spa
Centro/agencia transcriptor CCPB | B
100 1# - ENTRADA PRINCIPAL--NOMBRE DE PERSONA
Nombre de persona Ricci, Serafino.
9 (RLIN) 96883
245 10 - MENCIÓN DEL TÍTULO
Título Epigrafia latina
Resto del título : trattato elementaire con esercizi prattici e facsimili illustrativi /
Mención de responsabilidad, etc. Serafino Ricci.
260 ## - PUBLICACIÓN, DISTRIBUCIÓN, ETC.
Lugar de publicación, distribución, etc. Milano :
Nombre del editor, distribuidor, etc. Ulrico Hoepli,
Fecha de publicación, distribución, etc. 1898 (
Fabricante Lombardi di M. Bellinzaghi)
300 ## - DESCRIPCIÓN FÍSICA
Extensión XXXII, 447 p., 65 h. de grab. pleg. ;
Dimensiones 15 cm.
650 #4 - PUNTO DE ACCESO ADICIONAL DE MATERIA--TÉRMINO DE MATERIA
Término de materia o nombre geográfico como elemento de entrada Epigrafía latina.
9 (RLIN) 12335
752 ## - ENTRADA AGREGADA--NOMBRE JERÁRQUICO DEL LUGAR
País o entidad superior Italia -
Ciudad Milán
852 ## - LOCALIZACIÓN
Ubicación ES-MaACL
Número de control de estantería D-3628
Nota libre -- Enc. tela
Encuadernación -- Edic.: Son LXV h. dobles con texto e il. -- Precede al tit. la serie: Manuali Hoepli
Holdings
Estatus retirado Estado de pérdida Estado de daño No para préstamo Colección Biblioteca de origen Biblioteca actual Ubicación en estantería Fecha de adquisición Fuente de adquisición Total de préstamos Signatura topográfica completa Código de barras Visto por última vez Precio de reemplazo Tipo de ítem Koha
        Libros del s. XIX Biblioteca del Ateneo de Madrid Biblioteca del Ateneo de Madrid Sala Valle Inclán 17/01/2008     D-3628 901171319 23/02/2023 23/02/2023 Libro impreso antiguo